000 00269nam a22001337a 4500
999 _c54963
_d54963
008 200121b ||||| |||| 00| 0 eng d
041 _aeng
080 _a573
082 _a573
100 _a11
101 _aBIO
245 _aGjenetika
_cKamberi,N
942 _2udc
_cBK